Central Library OPAC University of Rajshahi

the Encyclopedia of political thought / (Record no. 18233)

MARC details
000 -LEADER
fixed length control field 02125mam a22003614a 4500
001 - CONTROL NUMBER
control field 18233
003 - CONTROL NUMBER IDENTIFIER
rucl marc code BD-RjUL
005 - DATE AND TIME OF LATEST TRANSACTION
control field 20211209000245.0
008 - FIXED-LENGTH DATA ELEMENTS--GENERAL INFORMATION
fixed length control field 140220s2005 ii a be 001 0 eng
020 ## - INTERNATIONAL STANDARD BOOK NUMBER
International Standard Book Number 0816043515
International Standard Book Number 817649996X
035 ## - SYSTEM CONTROL NUMBER
System control number (OCoLC)ocm46401771
System control number (BD-RjUL)18291
040 ## - CATALOGING SOURCE
Original cataloging agency DLC
Transcribing agency DLC
Modifying agency C#P
-- UKM
-- OrLoB-B
-- BD-RjUL
Language of cataloging eng
041 ## - LANGUAGE CODE
Language code of text/sound track or separate title eng
082 00 - DEWEY DECIMAL CLASSIFICATION NUMBER
Classification number 320.03
Edition number 21
Author mark and year ENC 2005
245 00 - TITLE STATEMENT
Title the Encyclopedia of political thought /
Statement of responsibility, etc. [edited by] Garrett Ward Sheldon.
250 ## - EDITION STATEMENT
Edition statement Indian ed.
260 ## - PUBLICATION, DISTRIBUTION, ETC. (IMPRINT)
Place of publication, distribution, etc. New Delhi:
Name of publisher, distributor, etc. Viva Books Pvt. ltd.,
Date of publication, distribution, etc. 2005.
300 ## - PHYSICAL DESCRIPTION
Pagination ix, 342 p. :
Illustrations ill. ;
Size 29 cm.
500 ## - GENERAL NOTE
General note "Viva-Facts on File"
504 ## - BIBLIOGRAPHY, ETC. NOTE
Bibliography, etc Includes bibliographical references and index.
520 1# - SUMMARY, ETC.
Summary, etc. "Encyclopedia of Political Thought is a resource for students or general readers who want to know more about the major ideas, philosophies, and concepts of civic administration that have influenced and shaped civilization past and present.".
Summary, etc. "With particular emphasis on the 20th century, the encyclopedia contains more than 400 cross-referenced entries that make up an up-to-date survey of topics that have been crucial to the history of humankind, including the rise and fall of communism, the advent of feminism, and the advancement of democracy.".
Summary, etc. "Key concepts and controversial issues are clearly defined and thoughtfully analyzed, with examples from current events used to enhance the reader's understanding of the ideas presented. Ideologies are not only considered within historical context but are also related to contemporary politics, enhancing the book's usefulness for reports, student debates, or general research. A chronology provides a linear presentation of the evolution of political thinking."--BOOK JACKET.
650 #0 - SUBJECT ADDED ENTRY--TOPICAL TERM
Topical term or geographic name as entry element Political science
Form subdivision Encyclopedias.
9 (RLIN) 56126
Topical term or geographic name as entry element Political science
General subdivision History
Form subdivision Encyclopedias.
9 (RLIN) 56127
Topical term or geographic name as entry element World politics
Form subdivision Encyclopedias.
9 (RLIN) 56128
700 1# - ADDED ENTRY--PERSONAL NAME
Personal name Sheldon, Garrett Ward, ed.
Dates associated with a name 1954-
942 ## - ADDED ENTRY ELEMENTS (KOHA)
Source of classification or shelving scheme Dewey Decimal Classification
Koha item type Reference
Holdings
Lost status Source of classification or shelving scheme Damaged status Not for loan Permanent Location Current Location Shelving location Date acquired Source of acquisition Cost, normal purchase price Total Checkouts Full call number Date last seen Copy number Koha item type
  Dewey Decimal Classification   Not For Loan Central Library, University of Rajshahi Central Library, University of Rajshahi   08/08/2007 Pragon Enterprises Ltd., Dhaka 1095.00   R 320.03 ENC 2005 20/02/2014 C-1 Reference